000 00787nam a22002297i 4500
003 DO-SdBNP
005 20250310115451.0
007 ta
008 250310b2016 dr ab||| |||| 00| 0 spa d
040 _aDO-SdBNP
_bspa
_cBNPHU
_erda
041 _aspa
082 4 _a0
_bC755g
110 1 _aConsejo Nacional de Competitividad.
_bRepública Dominicana
_987146
245 1 0 _aGuía práctica :
_bconformación de clústeres /
_cedición, Diógenes Piña.
264 _aSanto Domingo :
_bConsejo Nacional de Competitividad,
_c2016.
300 _a44 páginas :
_bilustraciones, mapas ;
_c21 cm.
336 _atexto
_btxt
_2rdacontent
337 _asin mediación
_bn
_2rdamedia
338 _avolumen
_bnc
_2rdacarrier
700 1 _aPiña, Diógenes,
_eedición
_4ed.
_987147
942 _2ddc
_cLBS1
999 _c58360
_d58360